000 00505nam a2200181Ia 4500
003 GCL
008 140319s9999 xx 000 0 eng d
040 _aGCL /
_cGCL
082 0 4 _a330.9
_bW R
100 1 _aWAHBA, MOURAD
245 1 0 _aTHE ROLE OF THE STATE IN THE EGYPTIAN ECONOMY 1945 - 1981 /
_cWAHBA, MOURAD
260 _a[S.N] :
_bITHACA PRESS ،
_c1994
300 _a210 P
650 0 4 _aEGYPT - ECONOMY
650 0 4 _aEGYPT - ECONOMIC CONDITIONS
650 0 4 _aECONOMIC HISTORY
942 _2ddc
_cBK
999 _c25567
_d25567